| 000 | 00803cam a2200253 a 4500 | ||
|---|---|---|---|
| 001 | TB12236 | ||
| 003 | IN-BhIIT | ||
| 005 | 20250321170053.0 | ||
| 008 | 120503s2013 enk b 001 0 eng | ||
| 020 | _a9780415782951 (pbk.) | ||
| 040 | _aIN-BhIIT | ||
| 041 | _aeng | ||
| 082 | 0 | 0 |
_a210 _bMEI/R |
| 245 | 0 | 4 |
_aThe routledge companion to philosophy of religion / _cedited by Chad Meister and Paul Copan. |
| 250 | _a2nd ed. | ||
| 260 |
_aAbingdon, Oxon ; _aNew York : _bRoutledge, _c2013. |
||
| 300 |
_axxi, 826 p. ; _bill. ; _c26 cm. |
||
| 490 | 0 | _aRoutledge philosophy companions | |
| 504 | _aIncludes bibliographical references and index. | ||
| 650 | 0 |
_aReligion _xPhilosophy. _925801 |
|
| 700 | 1 |
_aMeister, Chad V., _eEditor _925802 |
|
| 700 | 1 |
_aCopan, Paul. _eJoint editor _925803 |
|
| 942 | _cTB | ||
| 999 |
_c14627 _d14627 |
||